Szpaku - Atypowy - Statystyki

Ogólne statystyki
  • Ten quiz został rozwiązany 7 razy
  • Średni wynik to 9 z 11
Statystyki odpowiedzi
Atypowy % Poprawnych
Alicja
100%
UFO
86%
W krainie czarów
86%
Zombie
86%
Hinata
71%
Ja YETI
71%
Lavender Town
71%
Mojo jojo
71%
Nieważne
71%
Oddajemy krew wampirom
71%
Szlam
71%
Nie znaleziono quizów pasujących do podanych kryteriów
Rozkład punktacji
Procent ludzi z każdym wynikiem
Percentyl według liczby udzielonych odpowiedzi
Twoja historia wyników
Nie rozwiązałeś tego quizu